LEADER 00945nam0-22003131i-450- 001 990007874260403321 005 20040426094229.0 035 $a000787426 035 $aFED01000787426 035 $a(Aleph)000787426FED01 035 $a000787426 100 $a20040426d2002----km-y0itay50------ba 101 0 $aita 102 $aIT 105 $aa---a---001yy 200 1 $a<>Ararat a Kandahar$ela nascita, lo sviluppo e le prospettive di evoluzione della guerra anfibia$fMichele Cosentino 210 $aNapoli$cRivista marittima$d2002 215 $a279 p.$cill. col.$d24 cm 300 $aSuppl. a: Rivista marittima. n. 10 ottobre 2002 610 0 $aFanteria di marina 676 $a359.96 700 1$aCosentino,$bMichele$09394 801 0$aIT$bUNINA$gRICA$2UNIMARC 901 $aBK 912 $a990007874260403321 952 $a13 E 73 20$b12699/6$fFINBC 959 $aFINBC 996 $aArarat a Kandahar$9672809 997 $aUNINA LEADER 01438nam 2200385Ia 450 001 996386738503316 005 20200824132823.0 035 $a(CKB)1000000000615404 035 $a(EEBO)2248566970 035 $a(OCoLC)ocm12595608e 035 $a(OCoLC)12595608 035 $a(EXLCZ)991000000000615404 100 $a19850924d1668 uy | 101 0 $aeng 135 $aurbn||||a|bb| 200 12$aA dialogue betwixt a conformist and a non-conformist concerning the lawfulness of private meetings in the time of the publick ordinances, and of going to them ..$b[electronic resource] /$fpublished by N.E., for common benefit 210 $a[London $cs.n.]$d1668 215 $a22 p 300 $aAttributed to Nicolas Estwick. Cf. Wing. 300 $aPlace of publication from Wing. 300 $aReproduction of original in Union Theological Seminary Library, New York. 330 $aeebo-0160 606 $aDissenters, Religious$zEngland 606 $aAssembly, Right of$zEngland 615 0$aDissenters, Religious 615 0$aAssembly, Right of 700 $aEstwick$b Nicolas$01002080 801 0$bEAA 801 1$bEAA 801 2$bm/c 801 2$bWaOLN 906 $aBOOK 912 $a996386738503316 996 $aA dialogue betwixt a conformist and a non-conformist concerning the lawfulness of private meetings in the time of the publick ordinances, and of going to them .$92301770 997 $aUNISA LEADER 01810nam 2200553Ia 450 001 9910778116903321 005 20230328164622.0 010 $a0-7914-7976-5 010 $a1-4356-0027-4 035 $a(CKB)1000000000478372 035 $a(OCoLC)174144956 035 $a(CaPaEBR)ebrary10575796 035 $a(SSID)ssj0000153138 035 $a(PQKBManifestationID)11161202 035 $a(PQKBTitleCode)TC0000153138 035 $a(PQKBWorkID)10393165 035 $a(PQKB)10237126 035 $a(MiAaPQ)EBC3407370 035 $a(MdBmJHUP)muse6564 035 $a(Au-PeEL)EBL3407370 035 $a(CaPaEBR)ebr10575796 035 $a(OCoLC)923404216 035 $a(EXLCZ)991000000000478372 100 $a20061002h20072007 uy 0 101 0 $aeng 135 $aurcn||||||||| 181 $ctxt$2rdacontent 182 $cc$2rdamedia 183 $acr$2rdacarrier 200 14$aThe fall of the indigo jackal $ethe discourse of division and Pu?rn?abhadra's Pan?catantra /$fMcComas Taylor 210 1$aAlbany :$cState University of New York Press,$d2007. 210 4$aŠ2007 215 $a1 online resource (xiv, 236 pages) 300 $aOriginally presented as the author's thesis (Ph.D.--Australian National University, 2005). 311 0 $a0-7914-7177-2 320 $aIncludes bibliographical references (p. 223-232) and index. 606 $aCaste in literature 606 $aSanskrit literature$xHistory and criticism 615 0$aCaste in literature. 615 0$aSanskrit literature$xHistory and criticism. 676 $a891.2/3 700 $aTaylor$b McComas$f1956-$01076030 801 0$bMiAaPQ 801 1$bMiAaPQ 801 2$bMiAaPQ 906 $aBOOK 912 $a9910778116903321 996 $aThe fall of the indigo jackal$93806402 997 $aUNINA